000
00217nam a2200097Ia 4500
008
120527s9999 xx 000 0 und d
100
_a
PLANT,M
245
_a
Teach yourself Electronics
260
_b
Hodder
942
_c
BK
999
_c
25780
_d
25780